Cognition in a digital world
Αποθηκεύτηκε σε:
| Άλλοι συγγραφείς: | |
|---|---|
| Μορφή: | Βιβλίο |
| Γλώσσα: | English |
| Δημοσίευση: |
Mahwah :
Lawrence Erlbaum,
2003
|
| Θέματα: | |
| Ετικέτες: |
Προσθήκη ετικέτας
Δεν υπάρχουν, Καταχωρήστε ετικέτα πρώτοι!
|
MARC
| LEADER | 00000nam a2200000 i 4500 | ||
|---|---|---|---|
| 001 | 1/40588 | ||
| 008 | 030915s2003 eng d | ||
| 020 | |a 0-8058-3507-5 | ||
| 035 | |l 10070835 | ||
| 040 | |a GR-MY-UA |b gre |e aacr | ||
| 041 | 0 | |a eng | |
| 082 | 0 | |a 153 | |
| 245 | 1 | 0 | |a Cognition in a digital world / |c edited by Herre van Oostendorp |
| 260 | |a Mahwah : |b Lawrence Erlbaum, |c 2003 | ||
| 300 | |a 298 p. | ||
| 504 | |a Includes bibliographical references and index | ||
| 650 | 0 | 0 | |a Human information processing. |
| 650 | 0 | 0 | |a Cognition. |
| 650 | 0 | 0 | |a Human-computer interaction. |
| 650 | 0 | 0 | |a Web sites |x Psychological aspects. |
| 650 | 0 | 0 | |a World Wide Web |x Psychological aspects. |
| 650 | 0 | 0 | |a Internet |x Psychological aspects. |
| 650 | 0 | 0 | |a Multimedia |x Psychological aspects. |
| 700 | 1 | |a Oostendorp, Herre van. |4 edt | |
| 852 | |a INST |b RHODES |e 20030915 |h 153 COG |p 005400020110 |q 005400020110 |t BK |y 0 | ||
| 901 | |a BIBL4-2003-3 | ||
| 909 | |a Ρ |b 105936 | ||
| 922 | |a 4ΕΛΗ |b 200308 |c ΕΠΕΑΕΚ2/ΤΕΠΑΕΣ |d ΜΙΧΑΛΟΠΟΥΛΟΣ | ||
| 950 | |a 096-2003-06-24 | ||
| 970 | |a ΚΟΥΛΑΚΙΟΤΗ |b ΛΙΤΣΑ |z 2003/09/15 | ||